000 00678nam a2200289Ia 4500
005 20260324142030.0
008 008 260324s9999 xx 000 0 eng d
020 _a9781315022222
037 _aEBOOK
040 _aCRL
040 _beng
040 _cCRL
041 _2eng
041 _aeng
084 _qCRL
100 _aPaul Antze; Michael Lambek
_91210430
245 0 _aTense Past
245 0 _bCultural Essays in Trauma and Memory
260 _bTaylor and Francis
260 _c1996
365 _a
365 _b215
856 _uhttp://www.taylorfrancis.com/books/9781315022222
942 _cEBOOK
999 _c1814162
_d1814162